000 00265nam a22001217a 4500
003 SGT
082 _a610.73
_bS18C
100 _aCAMPBELL, S.H.
245 _aSIMULATION SCENARIOS FOR NURSING
260 _aINDIA
_bSPRINGER
_c2018
300 _a680
942 _2ddc
_cBK
999 _c16457
_d16457